Name All Countries With 12 or More Letters - Statistics

General Stats
  • This quiz has been taken 177 times
    145 since last reset
  • The average score is 16 of 22
Answer Stats
Amount of Letters Starts With Answer % Correct
21 U United States of America
93%
13 U United Kingdom
91%
28 D Democratic Republic of the Congo
81%
18 U United Arab Emirates
80%
12 T Turkmenistan
78%
17 D Dominican Republic
77%
18 R Republic of the Congo
76%
28 S Saint Vincent and the Grenadines
76%
14 P Papua New Guinea
75%
18 S Saint Kitts and Nevis
74%
27 F Federated States of Micronesia
73%
13 L Liechtenstein
73%
17 A Antigua and Barbuda
69%
12 G Guinea-Bissau
69%
14 S Solomon Islands
68%
17 T Trinidad and Tobago
68%
22 C Central African Republic
67%
15 M Marshall Islands
66%
16 E Equatorial Guinea
63%
18 S São Tomé and Príncipe
59%
20 B Bosnia and Herzegovina
57%
13 W Western Sahara
26%
No matching quizzes found
Score Distribution
Percent of People with Each Score
Percentile by Number Answered
Your Score History
You have not taken this quiz since the last reset